Putování slonů

Saved in:
Bibliographic Details
Main Author Gembriová, Kira
Other Authors Jennifer Coulmannová
Format Electronic eBook
LanguageCzech
Published Bambook 2026
Edition1. elektronické vydání
Subjects
Online AccessDostupné v BOOKPORT po přihlášení pomocí eduID
ISBN978-80-271-8470-5
978-80-271-5648-1
Physical Description1 online zdroj (200 stran)

Cover

LEADER 00000nam a2200000 i 4500
001 bkp14731
003 CZ-prgp
005 20260407112622.0
006 m o d
007 cr cn
008 260407s2026 xr o 000 0 cze
020 |a 978-80-271-8470-5  |c 254 Kč  |q (online ; pdf) 
020 |a 978-80-271-5648-1  |c 304 Kč  |q (print) 
040 |a Grada  |b cze  |e rda 
100 1 |a Gembriová, Kira 
245 1 0 |a Putování slonů  |c Kira Gembriová, Jennifer Coulmannová 
250 |a 1. elektronické vydání 
264 1 |b Bambook  |c 2026 
300 |a 1 online zdroj (200 stran) 
336 |a text  |b txt  |2 rdacontent 
337 |a počítač  |b c  |2 rdamedia 
338 |a online zdroj  |b cr  |2 rdacarrier 
520 3 |a Když se narodí sloní mládě Maru, jeho matka Isago nedokáže štěstí prožívat naplno. Stále ji tíží bolestné vzpomínky, na které sloni nikdy nezapomínají. Když se stádo vydá na dlouhou cestu do zelené oázy, obě se nešťastnou náhodou ocitnou samy daleko od ostatních. Na jejich nebezpečné pouti vzniká něco nového: důvěra mezi matkou a dcerou. 
650 0 4 |a Příběhy, deníky 
700 1 |a Jennifer Coulmannová 
856 4 0 |u https://www.bookport.cz/AccountSaml/SignIn/?idp=https://shibboleth.utb.cz/idp/shibboleth&returnUrl=/kniha/putovani-slonu-15900/  |y Dostupné v BOOKPORT po přihlášení pomocí eduID